LEADER 01514nam a2200241 4500 001 000000339118 003 CaOOAMICUS 005 20200130151540.0 008 200130s1791 fr a 000 u fre r 026 $ares; nas& s-nt deOn (3) 1791 (R) 040 $aSeMil$bita 245 04$a10: P-piv. 264 1$aA Lyon :$bChez Bruyset frères,$c1791. 300 $a[4], 637, [3] p. ;$c8° 500 $aSegn.: pg2 A-2R8 700 11$aValmont de Bomare, Jacques Christophe,$d<1731-1807>.$0(OLS)http://semarc/name/110848 773 0 $aValmont de Bomare, Jacques Christophe, <1731-1807>$tDictionnaire raisonné universel d'histoire naturelle, contenant l'histoire des animaux, des végétaux et des minéraux, et celle des corps célestes, des météores, et des autres principaux phénomenes de la nature ; avec l'histoire des trois regnes, et le détail des usages de leurs production dans la Médecine, dans l'Economie domestique et champêtre, et dans les Arts et métiers. Et une table concordante des noms latins, etc. et le renvoi aux objets mentionnés dans cet ouvrage ... Tome 1. [-15.].$dA Lyon : Chez Bruyset frères, 1791.$bQuatrième édition, revue et considérablement augmentée par l'auteur.$g10$w()339106 850 $aSeMil 852 $aSeMil$W1$xVenegono$y1$m3XB I 10 FA$j218268$B230253$CSeMilBibl$Z2$F230253 $8I 941 1 $a10 996 $6245$a10: P-piv$9(OLS)http://semarc/title/427934 996 $6264$aA Lyon :$bChez Bruyset frères$9(OLS)http://semarc/publisher/33253 LEADER 00960nam a2200241 i 4500 001 000000109775 003 CaOOAMICUS 005 20021113000000.0 008 021113s1984 it u000 u ita u 013 $a82456 040 $aSeMil$bita 245 13$aLe gocce, l'oceano :$bl'Istituto fa memoria dei suoi morti. 260 $aMilano :$b[s.n.],$ccopyr. 1984$e(Roma :$fALI,$gcopyr. 1984) 300 $a241 p. ;$c22 cm. 500 $aFondo Card. C.M. Martini. 650 4$aIstituto Secolare Cristo Re.$0(OLS)http://semarc/subject/11442 700 1 $aIstituto secolare Cristo Re.$0(OLS)http://semarc/name/46052 850 $aSeMil 852 $aSeMil$W1$xVenegono$y1$m3G I 115$j65718$B65718$CSeMilBibl$Z2$F83979 $81 941 1 $a4 961 $aOmaggio: Martini Card. Carlo Maria 996 $6245$aLe gocce, l'oceano :$bl'Istituto fa memoria dei suoi morti$9(OLS)http://semarc/title/159415 996 $6260$aMilano :$b[s.n.]$9(OLS)http://semarc/publisher/29709